<?xml version="1.0" encoding="UTF-8"?>
<collection xmlns="http://www.loc.gov/MARC21/slim">
    <record>
        <controlfield tag="001">79380</controlfield>
        <controlfield tag="005">20190620112825.0</controlfield>
        <datafield tag="037" ind1=" " ind2=" ">
            <subfield code="a">TESIS-2019-105</subfield>
        </datafield>
        <datafield tag="041" ind1=" " ind2=" ">
            <subfield code="a">spa</subfield>
        </datafield>
        <datafield tag="080" ind1=" " ind2=" ">
            <subfield code="a">946.0; 27</subfield>
        </datafield>
        <datafield tag="100" ind1="1" ind2=" ">
            <subfield code="a">Tello Hernández, Esther</subfield>
        </datafield>
        <datafield tag="245" ind1="0" ind2="0">
            <subfield code="a">Pro defensione regni: la contribución de la Iglesia a las demandas de Pedro IV de Aragón (1349-1387)</subfield>
        </datafield>
        <datafield tag="260" ind1=" " ind2=" ">
            <subfield code="a">Zaragoza</subfield>
            <subfield code="b">Universidad de Zaragoza, Prensas de la Universidad</subfield>
            <subfield code="c">2017</subfield>
        </datafield>
        <datafield tag="300" ind1=" " ind2=" ">
            <subfield code="a">806</subfield>
        </datafield>
        <datafield tag="490" ind1="0" ind2=" ">
            <subfield code="a">Tesis de la Universidad de Zaragoza</subfield>
            <subfield code="v">2019-84</subfield>
            <subfield code="x">2254-7606</subfield>
        </datafield>
        <datafield tag="500" ind1=" " ind2=" ">
            <subfield code="a">Presentado:  30 06 2017</subfield>
        </datafield>
        <datafield tag="502" ind1=" " ind2=" ">
            <subfield code="a">Tesis-Univ. Zaragoza, Historia Medieval, Ciencias y Técnicas Historiográficas y Estudios Árabes e Islámicos, 2017</subfield>
            <subfield code="b">Zaragoza, Universidad de Zaragoza</subfield>
            <subfield code="c">2017</subfield>
        </datafield>
        <datafield tag="506" ind1=" " ind2=" ">
            <subfield code="a">by-nc</subfield>
            <subfield code="b">Creative Commons</subfield>
            <subfield code="c">3.0</subfield>
            <subfield code="u">http://creativecommons.org/licenses/by-nc/3.0/es</subfield>
        </datafield>
        <datafield tag="520" ind1=" " ind2=" ">
            <subfield code="a">La presente tesis doctoral tiene como propósito general estudiar la presión fiscal ejercida sobre el clero por la monarquía durante el reinado de Pedro IV. A grandes rasgos -en el periodo que aquí nos ocupa (1349-1387)- observamos que los recursos materiales y financieros a los que podía recurrir el rey eran insuficientes para hacer frente a las empresas bélicas de la monarquía. Ello explica la continua búsqueda de financiación por parte de la corona y, por ende, el establecimiento de numerosos gravámenes que, pese a la teórica exención, también afectaron a la Iglesia.&lt;br />En una primera parte, nos ocupamos del recurso a las tradicionales décimas pontificias, exacción cedida por el papa de la que se benefició el monarca de forma casi ininterrumpida durante el periodo analizado hasta el punto de convertirse en un impuesto casi habitual. En una segunda parte, abordaremos otros tipos de contribución negociada o cedida a la monarquía, ya sea mediante donativos en Cortes y subsidios particulares en los que participó la Iglesia, o bien a través de otras rentas traspasadas puntualmente al monarca como las primicias o los legados testamentarios para causas pías inciertas. Incluimos también en nuestro análisis la usurpación por parte del rey de los bienes de clérigos ausentes, así como la apropiación de las rentas pontificias de la Cámara Apostólica durante los primeros años del Cisma. &lt;br />En última instancia, pretendemos mostrar cómo ante las crecientes demandas de la monarquía los eclesiásticos fueron gravados por una doble (o incluso triple) contribución, y determinar el modo en el que la Iglesia se integró en el complejo sistema fiscal y financiero general que se fue configurando durante el siglo XIV en la Corona de Aragón.&lt;br /></subfield>
        </datafield>
        <datafield tag="520" ind1=" " ind2=" ">
            <subfield code="a">&lt;br /></subfield>
        </datafield>
        <datafield tag="653" ind1="1" ind2=" ">
            <subfield code="a">historia medieval, instituciones políticas, historia de la iglesia, política fiscal y deuda pública</subfield>
        </datafield>
        <datafield tag="700" ind1=" " ind2=" ">
            <subfield code="a">Verdés Pijuan, Pere</subfield>
            <subfield code="e">dir.</subfield>
        </datafield>
        <datafield tag="700" ind1=" " ind2=" ">
            <subfield code="a">Navarro Espinach, Germán</subfield>
            <subfield code="e">dir.</subfield>
        </datafield>
        <datafield tag="710" ind1="2" ind2=" ">
            <subfield code="a">Universidad de Zaragoza</subfield>
            <subfield code="b">Historia Medieval, Ciencias y Técnicas Historiográficas y Estudios Árabes e Islámicos</subfield>
        </datafield>
        <datafield tag="856" ind1="0" ind2=" ">
            <subfield code="f">tdr@unizar.es</subfield>
        </datafield>
        <datafield tag="856" ind1="4" ind2=" ">
            <subfield code="u">http://zaguan.unizar.es/record/79380/files/TESIS-2019-105.pdf</subfield>
            <subfield code="z">Texto completo (spa)</subfield>
        </datafield>
        <datafield tag="909" ind1="C" ind2="O">
            <subfield code="o">oai:zaguan.unizar.es:79380</subfield>
            <subfield code="p">driver</subfield>
        </datafield>
        <datafield tag="909" ind1="c" ind2="o">
            <subfield code="p">tesis</subfield>
        </datafield>
        <datafield tag="910" ind1="2" ind2=" ">
            <subfield code="a"></subfield>
            <subfield code="b">Historia Medieval, Ciencias y Técnicas Historiográficas y Estudios Árabes e Islámicos</subfield>
        </datafield>
        <datafield tag="980" ind1=" " ind2=" ">
            <subfield code="a">TESIS</subfield>
        </datafield>
    </record>

    
</collection>